مكتبة جامعة عجلون الوطنية

فهرس بحث المكتبة

صور من حياة الصحابة 65 شخصية (Record no. 31670)

MARC details
000 -LEADER
fixed length control field 00749nam a2200229Ii 4500
003 - CONTROL NUMBER IDENTIFIER
control field JO-AjNU
008 - FIXED-LENGTH DATA ELEMENTS--GENERAL INFORMATION
fixed length control field 230605s9999||||xx |||||||||||||| ||und||
017 ## - COPYRIGHT OR LEGAL DEPOSIT NUMBER
Copyright or legal deposit number 97/4232
020 ## - INTERNATIONAL STANDARD BOOK NUMBER
International Standard Book Number 977-5810-00-0
040 ## - CATALOGING SOURCE
Original cataloging agency JO-AjNU
Language of cataloging ara
Description conventions rda
Transcribing agency JO-AjNU
041 ## - LANGUAGE CODE
Language code of text/sound track or separate title ara
050 14 - LIBRARY OF CONGRESS CALL NUMBER
Classification number BP75.5.B3764 2005
100 3# - MAIN ENTRY--PERSONAL NAME
Personal name الباشا، عبدالرحمن رأفت,
Relator term author
9 (RLIN) 62098
245 00 - TITLE STATEMENT
Title صور من حياة الصحابة 65 شخصية
250 ## - EDITION STATEMENT
Edition statement ط4
264 31 - PRODUCTION, PUBLICATION, DISTRIBUTION, MANUFACTURE, AND COPYRIGHT NOTICE
Place of production, publication, distribution, manufacture عمان: دار الادب الاسلامي، دار النفائس، 2005
300 ## - PHYSICAL DESCRIPTION
Extent 588ص
336 ## - CONTENT TYPE
Content type term text
Content type code txt
Source rdacontent
337 ## - MEDIA TYPE
Media type term unmediated
Media type code n
Source rdamedia
338 ## - CARRIER TYPE
Carrier type term volume
Carrier type code nc
Source rdacarrier
650 #4 - SUBJECT ADDED ENTRY--TOPICAL TERM
Topical term or geographic name entry element الصحابة والتابعون -تراجم
9 (RLIN) 62099
Holdings
Withdrawn status Lost status Source of classification or shelving scheme Damaged status Not for loan Home library Current library Shelving location Date acquired Total Checkouts Full call number Barcode Date last seen Price effective from Koha item type
    Library of Congress Classification     مكتبة جامعة عجلون الوطنية مكتبة جامعة عجلون الوطنية المجموعات العامة 06/06/2023   BP75.5.B3764 2005 A28102 06/06/2023 06/06/2023 Books